Vista normal Vista MARC

Entrada Geographic Name

Número de registros utilizados en: 5

001 - CONTROL NUMBER

  • control field: 7710

003 - CONTROL NUMBER IDENTIFIER

  • control field: OSt

005 - DATE AND TIME OF LATEST TRANSACTION

  • control field: 20200723154932.0

008 - FIXED-LENGTH DATA ELEMENTS

  • fixed length control field: 200723|| aca||aabn | a|a d

040 ## - CATALOGING SOURCE

  • Original cataloging agency: OSt
  • Transcribing agency: OSt

151 ## - HEADING--GEOGRAPHIC NAME

  • Geographic name: Colombia
  • General subdivision: historia constitucional

670 ## - SOURCE DATA FOUND

  • Source citation: Work cat.: (OSt)3692: Rodríguez Salazar, Oscar, compilador 7708, Estado y economía en la Constitución de 1886 / , ©1986